Tilastot visalle Kap Verde -visa

Klikkaa tästä pelataksesi tätä visaa!

Yleistilastot

  • Tätä visaa on pelattu 169 kertaa
  • Keskiarvotulos 7 / 16

Vastaustilastot

VihjeVastaus% Oikein
Virallinen kieliPortugali
98%
PääkaupunkiPraia
77%
Puhutuin kieliKapverdenkreoli
58%
Yllä oleva suomeksi{Vihreä} niemi
51%
Kap Verden nimi tuolla kielellä{Cabo} Verde
48%
ValuuttaEscudo
47%
Tärkein vientituoteKala
47%
Englantilainen laivakaappari, joka hyökkäsi saarille 1585Francis Drake
40%
Ainoa maanisäkäs, joka elää kotoperäisesti Kap VerdelläLepakko
38%
Laaja saaristo, johon Kap Verde kuuluuMakaronesia
38%
Kap Verden kaksi saariryhmää{Barla}vento
36%
Kap Verden kaksi saariryhmää{Sota}vento
36%
Kapverdeläinen kansan- ja popmusiikin laulaja, joka sai Grammy-palkinnon 2004Cesária Évora
35%
Suurin ja väkirikkain saariSantiago
34%
Fado- ja modinha-tyyleistä kehittynyt musiikkityyli, jonka tunnetuin esittäjä oli yllä olevaMorna
29%
Toiseksi suurin kaupunkiMindelo
24%

Tulosjakauma

Persentiili vastausten määrän mukaan

Jokaisen tuloksen saaneiden osuus

Tuloshistoriasi

Et ole pelannut tätä visaa